| 000 | 00387nam a22001217a 4500 | ||
|---|---|---|---|
| 999 |
_c9390 _d9390 |
||
| 003 | OSt | ||
| 008 | 201203b ||||| |||| 00| 0 eng d | ||
| 245 | _aAsian Textile Journal | ||
| 250 | _a2010( Aug Vol.19 No.8, Sep Vol.19 No.9, Oct Vol.19 No.10, Nov Vol.19 No.11, Dec Vol.19 No.12 ) | ||
| 260 |
_aMumbai _bSB Dyesprings [INDIA] Pvt. Ltd. |
||
| 650 | _aTextile Engineering | ||
| 942 |
_2ddc _cBV |
||